000 00428nam a22001697a 4500
005 20160629123519.0
008 160629b xxu||||| |||| 00| 0 eng d
020 _a81-297-0588-5
041 _aeng
082 _b10821c
100 _aCnossen, Sijbrean and others
_93173
245 _aPublic Finance and public policy in the New Century
260 _bPearson
_c2004
300 _a522
650 _aManagement
_9241
942 _cBK
999 _c4654
_d4652